Ground movements (Record no. 94596)

MARC details
000 -LEADER
fixed length control field 01056cam a2200277 4500
008 - FIXED-LENGTH DATA ELEMENTS--GENERAL INFORMATION
fixed length control field 090401t1995 xxu||||| |||| 00| 0 eng d
020 ## - INTERNATIONAL STANDARD BOOK NUMBER
International Standard Book Number 0854067335 (correct)
-- 0854067345 (printed on back cover)
035 ## - SYSTEM CONTROL NUMBER
System control number (Sirsi) u63702
041 0# - LANGUAGE CODE
Language code of text/sound track or separate title eng
050 04 - LIBRARY OF CONGRESS CALL NUMBER
Classification number 622.8026 $2 18
090 ## - LOCALLY ASSIGNED LC-TYPE CALL NUMBER (OCLC); LOCAL CALL NUMBER (RLIN)
Classification number (OCLC) (R) ; Classification number, CALL (RLIN) (NR) RICS 1995/118ABCD
110 2# - MAIN ENTRY--CORPORATE NAME
Corporate name or jurisdiction name as entry element Royal Institution of Chartered Surveyors
Subordinate unit Minerals Practice Skills Panel
9 (RLIN) 4512
245 00 - TITLE STATEMENT
Title Ground movements
260 ## - PUBLICATION, DISTRIBUTION, ETC.
Place of publication, distribution, etc. London
Name of publisher, distributor, etc. RICS
Date of publication, distribution, etc. 1995
300 ## - PHYSICAL DESCRIPTION
Extent 19p.
Dimensions 30cm.
350 ## - PRICE (NR) (BK AM CF MU VM SE) [OBSOLETE]
Price 6.50
490 #0 - SERIES STATEMENT
Series statement RICS Minerals Practice Skills Panel Information Paper
Volume/sequential designation 2
520 ## - SUMMARY, ETC.
Summary, etc. Lists legislation and a range of useful publications covering gorund movements.
520 ## - SUMMARY, ETC.
Summary, etc. OUT OF PRINT ARCHIVED 23 DECEMBER 2016
651 #4 - SUBJECT ADDED ENTRY--GEOGRAPHIC NAME
Geographic name GREAT BRITAIN
690 ## - LOCAL SUBJECT ADDED ENTRY--TOPICAL TERM (OCLC, RLIN)
Topical term or geographic name as entry element BUILT ENVIRONMENT-BUILDING PATHOLOGY-SUBSIDENCE
856 41 - ELECTRONIC LOCATION AND ACCESS
Uniform Resource Identifier <a href="https://www.rics.org/Global/Downloads/Ground_Movements_1st_edition_PGguidance_1995.pdf">https://www.rics.org/Global/Downloads/Ground_Movements_1st_edition_PGguidance_1995.pdf</a>
Public note View the guidance free of charge at www.rics.org/guidance...
942 ## - ADDED ENTRY ELEMENTS (KOHA)
Suppress in OPAC 0
948 ## - LOCAL PROCESSING INFORMATION (OCLC); SERIES PART DESIGNATOR (RLIN)
c (OCLC) 04/03/1997
Holdings
Withdrawn status Lost status Source of classification or shelving scheme Damaged status Not for loan Home library Current library Shelving location Date acquired Cost, normal purchase price Total Checkouts Full call number Barcode Date last seen Copy number Cost, replacement price Price effective from Koha item type Date last checked out
    Dewey Decimal Classification     London London RICS Boxes 25/01/1996 6.50   RICS 1995/118 30049361 06/08/2019 1 6.50 06/08/2019 Archive  
    Dewey Decimal Classification     London London RICS Boxes 25/01/1996 6.50   RICS 1995/118 30049362 06/08/2019 2 6.50 06/08/2019 Reference material  
    Dewey Decimal Classification     London London RICS Boxes 25/01/1996 6.50   RICS 1995/118 30049363 06/08/2019 3 6.50 06/08/2019 Book  
    Dewey Decimal Classification     London London RICS Boxes 25/01/1996 6.50 1 RICS 1995/118 30049364 06/08/2019 4 6.50 06/08/2019 Book 10/12/2003
    Dewey Decimal Classification     Virtual Virtual Online 04/10/2006     ONLINE PUBLICATION 63702-3001 06/08/2019 1   06/08/2019 Book